| 000 | 00435 a2200121 4500 | ||
|---|---|---|---|
| 001 | ART_56512 | ||
| 005 | 20260410161609.0 | ||
| 008 | 260409a | ||
| 245 | 1 | 0 | _aNormas sobre informes de la auditoría externa de estados contables con fines generales. Tercera parte |
| 100 | 1 | _aOubiña, Gabriel H. | |
| 700 | 1 | _aFaccendini, Yanina C. | |
| 773 | 0 |
_tProfesional & Empresaria _g- Año XXIII, Nº 274 (jul. 2022) _wREV70 |
|
| 999 |
_c10501 _d10501 |
||